| 000 | nam a22 7a 4500 | ||
|---|---|---|---|
| 999 |
_c55866 _d55866 |
||
| 003 | OSt | ||
| 005 | 20221020114405.0 | ||
| 008 | 221020b xxu||||| |||| 00| 0 eng d | ||
| 040 | _cIIMT COLLEGE OF BJMC,NOIDA | ||
| 100 | _aKUMAR, RAVISH | ||
| 245 | _aISHQ ME SHEHAR HONA | ||
| 260 |
_aNEW DELHI _bSARTHAK _c2020 |
||
| 300 | _a89 | ||
| 942 |
_2ddc _c06 _e10th |
||